Регионална библиотека "Любен Каравелов" - Русе

Червената шапчица | Дупката | Питонът (Запис номер 30486)

MARC детайли
000 -Лидер
Контролно поле с фиксирана дължина 01517nam a2200361 c 4500
003 - Код на организацията, давaща контролен номер
Контролно поле BLK
005 - Дата и час на последна редакция
Контролно поле 20240820175534.0
008 - Елементи от данни с фиксирана дължина
fixed length control field 180407b bul|||||r ||||||| ||bul||
010 ## - Наследен системен номер
LC control number KNG00033120000
020 ## - Международен стандартен номер на книга ISBN
Международен стандартен номер на книга ISBN 954-625-167-4
-- издат.: Фют
040 ## - Източник на каталожния запис
Идентификатор на билиотеката - собственик на записа BLK
041 ## - Код за език
Код за езика на текст/звукозапис или на отделно заглавие Български
Код за езика КДБФ Български
080 ## - УДК
Текстов определител УДК Българска литература
УДК код - определител по УДК 821.163.2
УДК определител -93-31
УДК - код + определител 821.163.2-93-31
100 1# - Редна дума - Автор
Автор Априлов, Борис
Авторска отговорност първи автор
Автор - информация (биография) Джавков, Атанас Василев
R(LIN) 248876
139 ## - Редно поле
Редна дума Априлов, Борис
Авторски знак Апр - А 79
245 10 - Сведения за заглавието
Заглавие Червената шапчица
Подзаглавни данни Романи за деца
Редно поле (дума) Борис Априлов; ил. Елена Пъдарева; * Атанас Василев Джавков.
245 10 - Сведения за заглавието
Заглавие Дупката
Подзаглавни данни
Редно поле (дума)
245 10 - Сведения за заглавието
Заглавие Питонът
Подзаглавни данни
Редно поле (дума)
257 ## - Страна на издаване
Страна на създаване/издаване България
260 ## - Област на издателските данни
-- София
Име на издателя, разпространителя и проч. Фют
Година на издаване 2000
Печатница София : ПК Д. Благоев
300 ## - Физическа характеристика
Страници 208 с.
Илюстрации и др. с ил.
Размери/Мащаб 23 см
380 ## - Жанр
Жанр Детска худож. лит.
490 1# - СЕРИИ (Колекции)
Име на серия Поредица Приключенията на Лиско
№: серия Кн. 5
500 ## - Общи забележки
Забележка Борис Априлов е псевд. на Атанас Василев Джавков. - Офс. изд. - 2 000 тир.
700 1# - Други автори (авторска отговорност)
Лично име Пъдарева, Елена
Автороска отговорност (Описва отношението между автора и произведението) ил.
9 (RLIN) 366096
700 1# - Други автори (авторска отговорност)
Лично име Джавков, Атанас Василев
Автороска отговорност (Описва отношението между автора и произведението) *
9 (RLIN) 366427
852 ## - Местоположение
Форматна сигнатура Цб 205334
856 4# - Електронен адрес и достъп
Електронен формат pdf - файл
Път до файла /url/
856 4# - Електронен адрес и достъп
Електронен формат pdf - файл
Път до файла /url/
942 ## - АРТИКУЛИ
Вид на библиотечния материал Книги
Скрит в OPAC Не
Koha issues (borrowed), all copies 9
944 ## - СЪЗДАВАНЕ И РЕДАКЦИЯ на ЗАПИСА
Създаване/Редакция Създаване
Дата на регистрацията/редакция 19.06.2003
Служител, извършил регистрацията/редакцията 30551
Статус, дата на статуса Бояна Костадинова
944 ## - СЪЗДАВАНЕ И РЕДАКЦИЯ на ЗАПИСА
Създаване/Редакция Редакция
Дата на регистрацията/редакция 15.07.2003
Служител, извършил регистрацията/редакцията
999 ## - СИСТЕМНИ КОНТРОЛНИ НОМЕРА
Koha biblionumber 30486
Koha biblioitemnumber 30486
Наличности
Код за отписване Код за изгубен артикул Източник на класификационната схема Код за повреда Коз за рестрикции Код за отдаване Артикулен № Име на библиотеката - собственик Име на библиотеката, в която се намира в момента Статус (Текущо местоположение) Дата на вписване в системата Местоположение - отдел Цена в лева Инвентарен номер Систематично азбучна сигнатура Баркод Номер на екземпляра Цена в евро Служебна бележка Служебен тип на артикула
  Не е изгубен Universal Decimal Classification Не е повреден без рестрикции ползва се в читалня 48838 Регионална библиотека "Любен Каравелов" Русе Регионална библиотека "Любен Каравелов" Русе Хранилище 2001-01-01 Хранилище 3.50 658429 Цб 205334 120000658429 1 1.79 Дост: Dp Вид: Д N: стар фонд Дата: 01.01.2000 Книги
  Не е изгубен   Не е повреден без рестрикции заемане за дома 48839 Регионална библиотека "Любен Каравелов" Русе Регионална библиотека "Любен Каравелов" Русе Детски отдел 2003-06-05 Детски отдел 1.00 120000676643 ДХ 886.7/А 79 120000676643 2 0.51 Дост: Pk Вид: Ф N: 15463 Дата: 05.06.2003 Дата инв: 03.08.2015 Бележки инв: Д2015 Книги
  Не е изгубен   Не е повреден без рестрикции заемане за дома 48840 Регионална библиотека "Любен Каравелов" Русе Регионална библиотека "Любен Каравелов" Русе Детски отдел 2003-06-18 Детски отдел 1.00 120000676876 ДХ 886.7/А 79 120000676876 3 0.51 Дост: Pk Вид: Ф N: 15582 Дата: 12.06.2003 Дата инв: 03.08.2015 Бележки инв: Д2015 Книги
  Не е изгубен   Не е повреден без рестрикции заемане за дома 48841 Регионална библиотека "Любен Каравелов" Русе Регионална библиотека "Любен Каравелов" Русе Детски отдел 2003-06-18 Детски отдел 1.00 120000676877 ДХ 886.7/А79 120000676877 4 0.51 Дост: Pk Вид: Ф N: 15582 Дата: 12.06.2003 Дата инв: 03.08.2015 Бележки инв: Д2015 Книги
  Не е изгубен   Не е повреден без рестрикции заемане за дома 48842 Регионална библиотека "Любен Каравелов" Русе Регионална библиотека "Любен Каравелов" Русе Детски отдел 2003-07-09 Детски отдел 1.00 120000677392 ДХ 886.7/А 79 120000677392 5 0.51 Дост: Pk Вид: Ф N: 15923 Дата: 04.07.2003 Дата инв: 03.08.2015 Бележки инв: Д2015 Книги
  Не е изгубен   Не е повреден без рестрикции заемане за дома 48843 Регионална библиотека "Любен Каравелов" Русе Регионална библиотека "Любен Каравелов" Русе Детски отдел 2003-07-09 Детски отдел 1.00 120000677393 ДХ 886.7/А 79 120000677393 6 0.51 Дост: Pk Вид: Ф N: 15923 Дата: 04.07.2003 Дата инв: 03.08.2015 Бележки инв: Д2015 Книги
Vip Innovations Ltd, Rousse, Bulgaria 2025